000 00527nam a2200193Ia 4500
005 20250326144438.0
008 250326s9999 xx 000 0 und d
020 _a978-0-7879-9714-4
037 _aTextbook
040 _aFMSL
_beng
_cFMSL
041 _aeng
_2eng
084 _aX:74 P7
_qFMSL
100 _aCoscarelli W C
_9749657
245 4 _aThe decision-making stlye inventory
_cCoscarelli W C
260 _aUS
_bUS, John wily
_c2007
300 _a110p
942 _cTB
_hX:74 P7
999 _c1303715
_d1303715